Something Great - One Direction (All Lyrics) - Statistics

General Stats
  • This quiz has been taken 35 times
    32 since last reset
  • The average score is 186 of 228
Answer Stats
Answers % Correct
You
100%
you
100%
a
94%
don't
94%
for
94%
great?
94%
here
94%
I
94%
Is
94%
it
94%
me
94%
on
94%
so
94%
something
94%
to
94%
want
94%
when
94%
with
94%
ask
89%
everything
89%
have
89%
how
89%
much
89%
too
89%
your
89%
you're
89%
You're
89%
all
83%
come
83%
Come
83%
imagining
83%
in
83%
keep
83%
like
83%
pictured
83%
The
83%
we're
83%
and
78%
be
78%
it's
78%
my
78%
out
78%
but
72%
together
72%
bring
67%
even
67%
hurting
67%
I'll
67%
jump
67%
never
67%
not
67%
say
67%
day
61%
I've
61%
off
61%
One
61%
right
61%
these
61%
was
61%
we'll
61%
at
56%
into
56%
said
56%
words
56%
world
56%
you'll
56%
again
50%
better
50%
change
50%
get
50%
lost
50%
thing
50%
thought
50%
tonight
50%
written
50%
bed
44%
could
44%
our
44%
script
44%
start
44%
rip
39%
shreds
28%
No matching quizzes found
Score Distribution
Percent of People with Each Score
Percentile by Number Answered
Your Score History
You have not taken this quiz since the last reset